| 000 | 02145 a2200217 4500 | ||
|---|---|---|---|
| 001 | 39947 | ||
| 005 | 20260407155656.0 | ||
| 008 | 260407a1985 arg spa d | ||
| 003 | AR-UNSa-BCEJYS | ||
| 040 |
_aAR-UNSa-BCEJYS _bspa _cAR-UNSa-BCEJYS |
||
| 080 |
_a658.15 _xAdministración financiera privada. Gestión financiera de empresas |
||
| 245 | 1 | 0 |
_aDecisiones financieras y costo del dinero en economías inflacionarias _paplicación de las calculadoras financieras como herramienta de análisis |
| 020 | _a958-04-0005-9 | ||
| 264 | 1 |
_aBogotá : _bNorma _c1985 |
|
| 300 |
_axii, 344 p. _c17 cm. |
||
| 505 | _a1. Conceptos financieros preliminares - 2. Matemáticas financieras básicas - 3. Ejemplos sobre la utilización de las fórmulas de las matemáticas financieras - 4. Introducción al uso de las calculadoras financieras - 5. Medidas del valor de la inversión - 6. Valor presente versus tasa interna de rendimiento - 7. Ejemplos sobre el uso del valor presente neto y la tasa interna de rendimiento para medir la bondad de las inversiones - 8. Costo anual equivalente y su utilización en decisiones de reemplazar o alquilar equipos - 9. Costo del dinero - 10. Limitaciones de los supuestos básicos de la evaluación de proyectos - 11. Falacia de los intereses anticipadas - 12. Intereses sobre saldos anticipadas y convencionales, pagos por instalamentos; comisiones bancarias - 13. El leasing o arrendamiento financiero - 14. Ejemplos sobre el cálculo del costo efectivo del dinero - 15. La rentabilidad bancaria - 16. Proyección de empresas en economía inflacionarias - 17. Efectos negativos de la inflación en la tributación de empresas - 18. Valoración de inventarios en épocas de inflación - 19. Manejo correcto de la inflación en el análisis de proyectos de inversión - 20. Manejo incorrecto de la inflación en el análisis de proyectos de inversión por parte de la banca de fomento - 21. Otra alternativa para pactar créditos de fomento - 22. Devaluación y costo de fondos | ||
| 041 | _aspa | ||
| 942 | _cBK | ||
| 590 | _aniveau_biblio:m niveau_hierar:0 | ||
| 100 | 1 | _aGutierrez Marulanda, Luis Fernando | |
| 999 |
_c3162 _d3162 |
||